000
00325nam a22001457a 4500
008
230605b ||||| |||| 00| 0 eng d
020
_a
9780321978592
041
_a
eng
080
_2
FIFTH EDITION
_a
51
082
_a
51GAY
100
_a
23
101
_a
MATE
245
_a
INTERMEDIATE ALGEBRA
_c
GAY .M.E
942
_2
udc
_c
BK
999
_c
59913
_d
59913